| 000 | 00367cam a22001337a 4500 | ||
|---|---|---|---|
| 008 | 180718b1937 xxu||||| |||| 00| 0 eng d | ||
| 082 | _aF8x54 Ac44 | ||
| 100 | _aAcharya, N.C.A. | ||
| 245 |
_aIndian elections and franchise _cby N.C.N. Acharya |
||
| 260 |
_aMadras _bThe Alliance Co. _c1937 |
||
| 300 | _aviii, 315p. | ||
| 500 | _aRs.3.00 | ||
| 650 | _aElections - India | ||
| 999 |
_c357001 _d357001 |
||